Vývoj rozvrhového systému - frontend

Salvato in:
Dettagli Bibliografici
Autore principale: Ondráš, Nicolas (Autore)
Altri autori: Jókay, Matúš (Relatore della tesi)
Natura: Manoscritto Libro
Lingua:slovacco
Pubblicazione: 2025
Soggetti:
Accesso online:http://is.stuba.sk/zp/portal_zp.pl?podrobnosti=184415
Tags: Aggiungi Tag
Nessun Tag, puoi essere il primo ad aggiungerne!!

MARC

LEADER 00000ntm a22000003a 4500
001 stuzp104195
003 SK-STU
005 20250614212737.1
007 ta
008 150427s2015----xo-----f-mn---000-0-slo-d
040 |a STU  |b slo 
041 0 |a slo 
100 1 |a Ondráš, Nicolas  |u 035000  |4 aut  |U FEI Fakulta elektrotechniky a informatiky  |T FEI Ústav informatiky a matematiky  |X 111407  |U E050  |Y 816  |7 111407 
242 0 1 |a Timetable system development - frontend  |y eng 
245 1 0 |a Vývoj rozvrhového systému - frontend 
260 |c 2025 
650 4 |a Vue.js  |2 eng 
650 4 |a frontend  |2 eng 
650 4 |a timetable system  |2 eng 
650 4 |a Vue.js  |2 slo 
650 4 |a frontend  |2 slo 
650 4 |a rozvrhový systém  |2 slo 
700 1 |a Jókay, Matúš  |u 035000  |k Z1  |4 ths  |U FEI Fakulta elektrotechniky a informatiky  |T FEI Ústav informatiky a matematiky  |X 10139  |U E050  |Y 816  |7 A000010139 
856 4 |u http://is.stuba.sk/zp/portal_zp.pl?podrobnosti=184415